Estimating market probabilities of future interest rate changes

Salvato in:
Dettagli Bibliografici
Autore principale: Hlušek, Martin
Natura: Libro
Lingua:inglese
Pubblicazione: Praha Czech National Bank 2002
Serie:Working paper series 2/2002
Soggetti:
Tags: Aggiungi Tag
Nessun Tag, puoi essere il primo ad aggiungerne!!

MARC

LEADER 00000nam a2200000 4500
001 c141836
005 20221124094452.2
041 0 |a eng 
044 |a CZ 
245 1 0 |a Estimating market probabilities of future interest rate changes  |c Martin Hlušek 
264 1 |a Praha  |b Czech National Bank  |c 2002 
300 |a 16 s. 
490 1 |a Working paper series  |v 2/2002 
830 0 |a Working paper series  |v 2/2002 
610 2 0 |a politika peňažná 
610 2 0 |a miera úroková 
610 2 0 |a trh 
610 2 0 |a trh finančný 
610 2 0 |a banky 
610 2 0 |a trh peňažný 
610 2 0 |a modely 
610 2 0 |a Česko 
100 1 |a Hlušek, Martin